| 000 | 01199nam a2200301 a 4500 | ||
|---|---|---|---|
| 001 | 000024735 | ||
| 005 | 20240410201344.0 | ||
| 008 | 110203s1994 sp a r 000 | spa d | ||
| 020 | _a8480270276 | ||
| 040 |
_aDO-SdBNP _bspa _cBNPHU |
||
| 082 |
_a615.89 _bH811 |
||
| 100 | 1 |
_aHoran, Paula _950749 |
|
| 245 | 1 | 3 |
_aReiki : _bcuración y autocuración por la energía vital, manual para la transformación global y personal / _cPaula Horan; traducción Miguel Giménez Sales; ilustración Peter Ehrhardt. |
| 246 | 1 | 4 |
_aReiki _bcuración y autocuración por la energía universal |
| 260 |
_aBarcelona, (España) : _bEditorial Ibis, _c1994. |
||
| 300 |
_a193 p. : _bil. ; _c22 cm. |
||
| 490 | 1 | _aMandragora Medicinas Holísticas | |
| 500 | _aReimpresión de la primera edición de Junio de 1993 | ||
| 500 | _aIncluye glosario de terminos: 185-187 | ||
| 504 | _aIncluye referencias bibliográficas : p. 189-192 | ||
| 650 | 0 |
_aMedicina alternativa _937050 |
|
| 650 | 4 |
_aMedicina oriental _950412 |
|
| 650 | 4 |
_aCuración mental _950414 |
|
| 650 | 4 |
_aEnergía mental _950750 |
|
| 700 | 1 |
_aGiménez Sales, Miguel _etr. _946678 |
|
| 830 | 0 |
_aMandragora Medicinas Holísticas _950751 |
|
| 049 | _aBNGR | ||
| 999 |
_c24228 _d24228 |
||